| 000 | 00350nam a22001337a 4500 | ||
|---|---|---|---|
| 020 | _qPB. | ||
| 040 | _cFIZZA ISHAQ | ||
| 082 |
_a004.22 _bJOH |
||
| 100 |
_aPATTERSON,A.DAVID HENNESSY L.JOHN. _989387 |
||
| 245 |
_aCOMPUTER ARCHITECTURE / _cJOHN L.HENNESSY DAVID A PATTERSON. |
||
| 260 |
_aNEW YORK ; _c2019. |
||
| 300 | _a617 P. ; | ||
| 942 |
_2ddc _cBK |
||
| 999 |
_c588146 _d588146 |
||